|
|
|
|
| LEADER |
00000nam0a2200000 4500 |
| 001 |
351737 |
| 005 |
20231102010431.0 |
| 035 |
|
|
|a (RuTPU)RU\TPU\retro\7121
|
| 090 |
|
|
|a 351737
|
| 100 |
|
|
|a 20190828d1940 km y0rusy50 ca
|
| 101 |
1 |
|
|a rus
|c ita
|
| 102 |
|
|
|a RU
|
| 105 |
|
|
|a a z 001zb
|
| 200 |
1 |
|
|a Основания новой науки об общей природе наций
|e пер. с итал.
|f Дж. Вико
|
| 210 |
|
|
|a Ленинград
|c Художественная литература
|d 1940
|
| 215 |
|
|
|a 619 с.
|c ил.
|
| 320 |
|
|
|a Указ. имен. и предм.: с. 559-604
|
| 600 |
|
1 |
|a Вико
|g Джамбаттиста
|b Дж.
|c итальянский философ
|f 1668-1744
|2 stltpush
|3 (RuTPU)RU\TPU\pers\363
|
| 606 |
1 |
|
|a Итальянская философия
|x История
|z 17-19 в.в.
|2 stltpush
|3 (RuTPU)RU\TPU\subj\39306
|9 59452
|
| 610 |
1 |
|
|a история
|
| 610 |
1 |
|
|a 17 век
|
| 610 |
1 |
|
|a 18 век
|
| 610 |
1 |
|
|a наука
|
| 610 |
1 |
|
|a философские взгляды
|
| 610 |
1 |
|
|a политическая философия
|
| 610 |
1 |
|
|a нации
|
| 610 |
1 |
|
|a мудрость
|
| 610 |
1 |
|
|a человек
|
| 610 |
1 |
|
|a мораль
|
| 610 |
1 |
|
|a этика
|
| 686 |
|
|
|a Ю3(4Ит)5
|v LBC/SL-A
|2 rubbk
|
| 700 |
|
1 |
|a Вико
|b Дж.
|c итальянский философ
|f 1668-1744
|g Джамбаттиста
|2 stltpush
|3 (RuTPU)RU\TPU\pers\363
|9 178
|
| 801 |
|
1 |
|a RU
|b 63413507
|c 20190828
|
| 801 |
|
2 |
|a RU
|b 63413507
|c 20191011
|g RCR
|
| 942 |
|
|
|c BK
|